[Event "Groningen op-B"]
[Site "Groningen"]
[Date "2008.12.30"]
[Round "9"]
[White "Mostertman, Xander"]
[Black "Dijkstra, Gerard"]
[Result "1-0"]
[WhiteElo "1882"]
[BlackElo "1634"]
[PlyCount "75"]
[EventDate "2008.12.21"]
[EventType "swiss"]
[EventRounds "9"]
[EventCountry "NED"]
[SourceTitle "CBM 127 Extra"]
[Source "ChessBase"]
[SourceDate "2009.01.08"]
[SourceVersion "2"]
[SourceVersionDate "2009.01.28"]
[SourceQuality "1"]

1. Nf3 d5 2. c4 e6 3. g3 Nf6 4. Bg2 Be7 5. e3 0-0 6. 0-0 b6 7. cxd5 exd5 8. b3 Ba6 9. Re1 Nbd7 10. d4 Ne4 11. Nfd2 Ndf6 12. Nxe4 Nxe4 13. f3 Nf6 14. Nc3 Bb4 15. Bb2 Re8 16. a3 Bf8 17. e4 dxe4 18. fxe4 Bb7 19. e5 Bxg2 20. Kxg2 Nd5 21. Ne4 c5 22. dxc5 bxc5 23. Qg4 Qc8 24. Qg5 Qc6 25. Kg1 Qg6 26. Qh4 Kh8 27. Rad1 Be7 28. Qh3 Nf4 29. Qf1 Ne6 30. Nd6 Rf8 31. Nf5 Bd8 32. Rd7 Bb6 33. Nd6 Kg8 34. Qc4 Rad8 35. Rb7 Nd4 36. Rf1 Qg5 37. Rbxf7 Qe3+ 38. Kh1 1-0

[Event "Groningen op-B"]
[Site "Groningen"]
[Date "2008.12.23"]
[Round "3"]
[White "Dijkstra, Gerard"]
[Black "Kamali, Mehran"]
[Result "0-1"]
[WhiteElo "1634"]
[BlackElo "2045"]
[PlyCount "64"]
[EventDate "2008.12.21"]
[EventType "swiss"]
[EventRounds "9"]
[EventCountry "NED"]
[SourceTitle "CBM 127 Extra"]
[Source "ChessBase"]
[SourceDate "2009.01.08"]
[SourceVersion "2"]
[SourceVersionDate "2009.01.28"]
[SourceQuality "1"]

1. e4 c5 2. Nf3 d6 3. d4 cxd4 4. Nxd4 Nf6 5. Nc3 a6 6. Be3 e5 7. Nb3 Be7 8. Be2 0-0 9. Qd2 Be6 10. f3 Nbd7 11. g4 b5 12. Nd5 Bxd5 13. exd5 Nb6 14. Bxb6 Qxb6 15. Bd3 Rfe8 16. Be4 Nxe4 17. fxe4 Bh4+ 18. Kd1 a5 19. Qe2 Rac8 20. Nd2 Bg5 21. Nf3 Bf4 22. Ne1 Rc4 23. c3 Rec8 24. Nd3 Be3 25. Re1 Bg5 26. Qf2 Qxf2 27. Nxf2 b4 28. Nh3 Bh4 29. Re2 bxc3 30. bxc3 Rxc3 31. Ng1 Bg5 32. Ke1 Be3 0-1